1472 1631 1432 1207 1638 1198 1960 1888 1728 1488 1196 1796 1144 1941 1553 1908 1433 1375 1266 1007 1265 1231 1757 1943 1273 1872 1098 1081 1402 1569 1141 1980 1014 1438 1937 1183 1653 1427 1532 1894 1800 1275 1432 1142 1378 1790 1187 1092 1124 1481 1978 1263 1078 1039 1059 1416 1699 1759 1048 1966 1612 1946 1525 1000 1570 1710 1146 1177 1663 1837 1151 1583 1945 1981 1242 1419 1702 1652 1404 1876 1134 1521 1558 1506 1916 1945 1595 1917 1869 1532 1844 1964 1316 1772 1268 1694 1232 1683 1914 BCNSPRNW ULIB Ver.6.0+V

เปลี่ยนเป็นภาษาไทย

Change to English
 แสดงรายละเอียดบรรณานุกรม
  กลับหน้าหลัก

Brief Record : Get Marc (ISO 2709) : E-mail record : QR code < ปิดหน้าต่าง
LEADER : 00000nam 2200000uu 4500
001    13399123276
003     ULIB
008    140813s2555||||th 000 0 tha d
020    ^a9786169144700
050  4 ^aHC445.Z9p63
100    ^aสุปาณี เสนาดิสัย
245    ^aการบูรณาการเนื้อหาการควบคุมการบริโภคยาสูบเข้าสู่หลักสูตรการศึกษาพยาบาลระบบปกติซบทเรียนจากสถาบันนำร่อง
260    ^aอัพทรูยูครีเอทนิว :^bกรุงเทพมหานคร,^c2555
300    ^a97 หน้า
500    ^aแนวทางการบูรณาการเนื้อหาการควบคุมการบริโภคยาสูบเข้าสู่หลักสูตรการศึกษาพยาบาล การบูรณาการเนื้อหาการควบคุมการบริโภคยาสูบเข้าสู่หลักสูตรการศึกษาพยาบาลคณะพยาบาลศาสตร์มหาวิทยาลัยศรีนครินทรวิโรฒ
650    ^aการบริโภคยาสูบ
945    ^p0^l0^i034577
945    ^p0^l0^i034578
945    ^p0^l0^i034579
945    ^p0^l0^i034580
999    ^aเกษร โพธิ์สุวรรณ
รายการนี้ยังไม่มีแท็ก
คุณยังไม่ได้ล็อกอิน คุณสามารถมีกิจกรรมร่วมกับเว็บไซต์ได้ แต่ต้องล็อกอินก่อน ::
  ล็อกอิน

รายการสื่อสารสนเทศ

ลำดับที่ ประเภท เลขเรียก/บาร์โค้ด สถานที่ สถานะ
1. วิทยาศาสตร์การแพทย์ และสุขภาพ
หนังสือสำรอง
สถานะ=หนังสือสำรอง
HC445.Z9p63 ฉ.1 
  Barcode: 034577
ห้องสมุดวิทยาเขตสวรรค์ประชารักษ์
►หนังสือทั่วไป
บนชั้น
2. วิทยาศาสตร์การแพทย์ และสุขภาพ
วิทยาศาสตร์การแพทย์ และสุขภาพ
HC445.Z9p63 ฉ.2 
  Barcode: 034578
ห้องสมุดวิทยาเขตสวรรค์ประชารักษ์
►หนังสือทั่วไป
บนชั้น
3. วิทยาศาสตร์การแพทย์ และสุขภาพ
วิทยาศาสตร์การแพทย์ และสุขภาพ
HC445.Z9p63 ฉ.3 
  Barcode: 034579
ห้องสมุดวิทยาเขตสวรรค์ประชารักษ์
►หนังสือทั่วไป
บนชั้น
4. วิทยาศาสตร์การแพทย์ และสุขภาพ
วิทยาศาสตร์การแพทย์ และสุขภาพ
HC445.Z9p63 ฉ.4 
  Barcode: 034580
ห้องสมุดวิทยาเขตสวรรค์ประชารักษ์
►หนังสือทั่วไป
บนชั้น

รายการใกล้เคียง
    ผู้แต่ง [สุปาณี เสนาดิสัย]

BibComment


ยังไม่เคยถูกคอมเมนท์

คอมเมนท์ทรัพยากรรายการนี้
  คอมเมนท์: การบูรณาการเนื้อ..


 Copyright 2026. Bcnsprnw @Library